000 00496 a2200193 4500
003 Nust
005 20230201115916.0
010 _a38023776
040 _cNust
082 _a808.83,LOR
100 _aLorac, E. C. R.,
_9108354
245 _aBats in the belfry /
_cE. C. R. Lorac
260 _aNew York
_bThe Macaulay company
_c1937
300 _a255 p.
_b20 cm
600 _aLorac, E. C. R.,
_9108354
650 _aBats in the belfry
_9108355
651 _aNovel
942 _2ddc
_cBK
_k808.83,LOR
999 _c186398
_d186398